| 000 | 00338nam a22000977a 4500 | ||
|---|---|---|---|
| 008 | 150721b xxu||||| |||| 00| 0 eng d | ||
| 010 | _8HCCRSARF:033 | ||
| 245 | _aHIGH COURT CRIMINAL SESSION NO.50 OF 1975 Uganda Vs 1. Paskali Kawezi 2. Bazilio 3. Eria Mugenyi | ||
| 260 | _aHigh Court Kampala | ||
| 500 | _3BEFORE: Hon. Mr. Justice D.L.K. Lubogo | ||
| 999 |
_c8010 _d8010 |
||